| 000 | 00353nam a22001457a 4500 | ||
|---|---|---|---|
| 003 | SGT | ||
| 020 | _a9780198737445 | ||
| 082 |
_a341 _bCRA |
||
| 100 | _aCRAWFORD JAMES | ||
| 245 | _aBROWNLIES PRINCIPLES OF PUBLIC INTERNATIONAL LAW | ||
| 250 | _a9 | ||
| 260 |
_aUNITED KINGDOM _bOXFORD UNIVERSITY PRESS _c2019 |
||
| 300 | _aLXXXV ,785 | ||
| 942 |
_2ddc _cBK |
||
| 999 |
_c22995 _d22995 |
||